000 00657nam a22002057a 4500
003 OSt
005 20260114055135.0
008 260114b |||||||| |||| 00| 0 eng d
020 _a 978-621-8035-84-3
040 _aDWC-Main lib
_cOC
082 _aFil., 375 D346b 2020
100 _aDe Leon, Elmer B.
245 _a Building and enhancing new literacies across the Curriculu
_cElmer B. De Leon
260 _aQuezoin City .
_bLorimar Publishing ,
_c,c2020.
300 _axiv , 202 pages :
_b illustrations ;
_c 26cm.
650 _a1. Curriculum
650 _a2. Literacy -- Evaluation
650 _a3. Multicultural
942 _2ddc
_cBK - FIL
_kFil.
_n0
999 _c7378
_d7378